ORGANISATIONAL THEORY AND BEHAVIOR (Record no. 9082)
[ view plain ]
| 000 -LEADER | |
|---|---|
| fixed length control field | 00541nam a22001697a 4500 |
| 003 - CONTROL NUMBER IDENTIFIER | |
| control field | SGT |
| 020 ## - INTERNATIONAL STANDARD BOOK NUMBER | |
| International Standard Book Number | 9788180522192 |
| 082 ## - DEWEY DECIMAL CLASSIFICATION NUMBER | |
| Classification number | 658.3,MOS |
| 100 ## - MAIN ENTRY--PERSONAL NAME | |
| Personal name | MOSHAL, B. S. |
| 245 ## - TITLE STATEMENT | |
| Title | ORGANISATIONAL THEORY AND BEHAVIOR |
| Remainder of title | TEXT AND CASES |
| 250 ## - EDITION STATEMENT | |
| Edition statement | 2ND |
| 260 ## - PUBLICATION, DISTRIBUTION, ETC. (IMPRINT) | |
| Place of publication, distribution, etc | NEW DELHI |
| Name of publisher, distributor, etc | ANE BOOKS PVT. LTD. |
| Year of Publication | 2009 |
| 300 ## - PAGE DESCRIPTION | |
| No. of Pages | 640 |
| 650 ## - SUBJECT ADDED ENTRY--TOPICAL TERM | |
| Topical term or geographic name as entry element | MANAGEMENT |
| 653 ## - KEYWORDS--INDEX TERM | |
| Keyword term | ORGANISATION AN OVERVIEW,ORGANISATIONAL OBJECTIVE, ORGANISATION AND SOCIAL RESPONSIBILITY, BUSINESS ENVIRONMENT,INTRODUCTION TO ORGANISATIONAL BEHAVIOR |
| 942 ## - ADDED ENTRY ELEMENTS (KOHA) | |
| Source of classification or shelving scheme | Dewey Decimal Classification |
| Koha item type | FCM Books |
| 942 ## - ADDED ENTRY ELEMENTS (KOHA) | |
| -- | 7 |
| Withdrawn status | Lost status | Source of classification or shelving scheme | Damaged status | Not for loan | Collection code | Home library | Current library | Shelving location | Date acquired | Vendor Name | Cost, normal purchase price | SGTU | Total Checkouts | Total Renewals | Full call number | Accession No. (Barcode) | Date last seen | Date last borrowed | Bill Date | Koha item type |
|---|---|---|---|---|---|---|---|---|---|---|---|---|---|---|---|---|---|---|---|---|
| Dewey Decimal Classification | COMMERCE MANAGEMENT | SGT Science & Social Sciences Library | SGT Science & Social Sciences Library | Text Book | 16/06/2016 | GIFT | 350.00 | SGTU | 10 | 1 | 658.3,MOS | CM232 | 23/05/2023 | 08/05/2023 | 16/06/2016 | FCM Books |